|
|
|
|
| LEADER |
00000nas a2200000 a 4500 |
| 001 |
ssj0001507602 |
| 003 |
WaSeSS |
| 005 |
20200512172242.0 |
| 006 |
m d |
| 007 |
cr n |
| 008 |
110518c20119999fr mr p sss i0 a0eng |
| 010 |
|
|
|a 2014213466
|
| 022 |
|
|
|a 2219-5009
|y 2219-4991
|
| 035 |
|
|
|a (WaSeSS)ssj0001507602
|
| 040 |
|
|
|a AU@
|b eng
|c AU@
|d UBC
|d DLC
|d OCLCO
|d TJC
|d OCLCF
|d OCLCA
|d RDF
|d WaSeSS
|
| 042 |
|
|
|a pcc
|
| 050 |
0 |
0 |
|a HC10
|b .M236
|
| 082 |
0 |
|
|a 330
|2 21
|
| 130 |
0 |
|
|a Main economic indicators (English ed.)
|
| 245 |
1 |
0 |
|a Main economic indicators
|h [electronic resource] /
|c OECD.
|
| 260 |
|
|
|a [Paris] :
|b Organisation for Economic Co-operation and Development,
|c 2011-
|
| 310 |
|
|
|a Monthly
|
| 362 |
0 |
|
|a Jan. 2011-
|
| 506 |
|
|
|a License restrictions may limit access.
|
| 525 |
|
|
|a Has various supplements.
|
| 546 |
|
|
|a English.
|
| 580 |
|
|
|a Continues pt. 1 of: Statistiques generales (Organisation for Economic Co-operation and Development).
|
| 580 |
|
|
|a Absorbed in Mar. 1965: Statistiques generales (Organisation for Economic Co-operation and Development), and the recapitulative tables published in the Organisation's Bulletin of foreign trade statistics. Series A, Overall trade by countries.
|
| 580 |
|
|
|a Continues in part: Main economic indicators (English-French ed.)
|
| 588 |
|
|
|a Latest issue consulted: Vol. 2014/4 (Apr. 2014).
|
| 610 |
2 |
0 |
|a Organisation for Economic Co-operation and Development
|v Periodicals.
|
| 610 |
2 |
7 |
|a Organisation for Economic Co-operation and Development.
|2 fast
|0 (OCoLC)fst00531991
|
| 650 |
|
0 |
|a Economic indicators
|v Periodicals.
|
| 650 |
|
0 |
|a Economic indicators
|z OECD countries
|v Periodicals.
|
| 650 |
|
7 |
|a Economic history.
|2 fast
|0 (OCoLC)fst00901974
|
| 650 |
|
7 |
|a Economic indicators.
|2 fast
|0 (OCoLC)fst00901996
|
| 651 |
|
0 |
|a OECD countries
|x Economic conditions
|v Periodicals.
|
| 651 |
|
7 |
|a OECD countries.
|2 fast
|0 (OCoLC)fst01277092
|
| 655 |
|
0 |
|a Electronic journals.
|
| 710 |
2 |
|
|a Organisation for Economic Co-operation and Development.
|
| 730 |
0 |
|
|a Main economic indicators (Online)
|
| 780 |
0 |
1 |
|t Main economic indicators (Organisation for Economic Co-operation and Development)
|w (DLC) 64033608
|w (OCoLC)958143
|
| 850 |
|
|
|a DLC
|
| 856 |
4 |
0 |
|z Full text available from Research Library: 01/01/2012 to 6 months ago
|u https://search.proquest.com/publication/2026382
|